Two-point boundary value problems : shooting methods /
Guardado en:
| Autor Principal: | |
|---|---|
| Otros Autores: | |
| Formato: | Libro |
| Idioma: | English |
| Publicado: |
New York :
American Elsevier,
c1972.
|
| Series: | Modern analytic and computational methods in science and mathematics ;
no. 31 |
| Etiquetas: |
Agregar Etiqueta
Sin Etiquetas, Sea el primero en etiquetar este registro!
|
| LEADER | 00698nam a22001935a 4500 | ||
|---|---|---|---|
| 001 | MAT.inmabb003190 | ||
| 008 | 051101s1972####nyu######b####001#0#eng#d | ||
| 005 | 20170428171055.0 | ||
| 245 | 1 | 0 | |a Two-point boundary value problems : |b shooting methods / |c Sanford M. Roberts, Jerome S. Shipman. |
| 260 | |a New York : |b American Elsevier, |c c1972. | ||
| 300 | |a xii, 269 p. ; |c 24 cm. | ||
| 440 | 0 | |a Modern analytic and computational methods in science and mathematics ; |v no. 31 | |
| 504 | |a Incluye referencias bibliográficas. | ||
| 020 | |a 0444001026 | ||
| 100 | 1 | |a Roberts, Sanford M. | |
| 700 | 1 | |a Shipman, Jerome S. | |
| 084 | |a 65L10 |2 msc2000 | ||
| 010 | |a 72153420 | ||
| 859 | |h 65 |i R643 |p A-4623 |b BIB. MATEMATICA | ||
